000 00287nam a22001337a 4500
008 170602b xxu||||| |||| 00| 0 eng d
020 _a0231047576
041 _aeng
080 _22ND
_a94
100 _a17
101 _aSHH
245 _aHOW NATIONS BEHAVE
_cHENKIN,L
942 _2udc
_cBK
999 _c15589
_d15589